000 01351nam a2200301 4500
001 282
003 OSt
005 20250528074017.0
008 250317b |||||||e |||| 00| 1 eng d
020 _a8525005908
040 _bpor
041 _hpor
082 _aB869.93
_bV517i
100 1 _aVeríssimo, Érico,
_d1905-1975
_9521
245 _aIncidente em Antares /
_cVerissimo, Erico ;
250 _a37° ed.
260 _aSão Paulo
_bGlobo
_c1994
300 _a485 p.
520 _aTudo começou na pré-história, mais exatamente no Pleistoceno. Nessa época, gliptodontes e megatérios habitavam as terras do município de Antares, que, um milhão de anos depois, serve de cenário para o dramáticao "incidente" de sexta-feira, 13 de dezembro de 1963. Irônico, destemido, franco, Incidente em Antares é, antes de tudo, um desabafo. Nele Érico Veríssiomo lança um olhar objetivo sobre os problemas políticos, econômicos e sociais, exprimindo sua absoluta descrença nos "heróis" oficiais, aqui despojados do inútil brilho das comendas e reduzidos ao seu verdadeiro tamanho.
650 0 _aLiteratura Brasileira
_9205
650 0 _aHistória do Brasil
_9523
650 0 _aPolitica
_9138
650 0 _aCrítica social
_9514
650 0 _aClássicos
_977
655 0 _aRomance
_923
655 0 _aFicção
_922
942 _2ddc
_n0
_cBK
999 _c282
_d282